1180 1062 1608 1684 1579 1304 1927 1750 1731 1842 1187 1006 1950 1941 1227 1621 1973 1112 1590 1179 1997 1162 1007 1000 1717 1745 1449 1315 1662 1556 1642 1297 1862 1195 1204 1619 1859 1124 1693 1604 1968 1313 1099 1816 1886 1650 1549 1142 1356 1861 1713 1762 1261 1437 1011 1363 1390 1395 1306 1250 1582 1719 1848 1542 1199 1766 1883 1482 1414 1097 1961 1404 1137 1841 1010 1635 1992 1724 1215 1043 1668 1326 1337 1694 1728 1176 1251 1039 1380 1832 1971 1984 1821 1801 1973 1450 1655 1191 1584 BCNSPRNW ULIB Ver.6.0+V

เปลี่ยนเป็นภาษาไทย

Change to English
 แสดงรายละเอียดบรรณานุกรม
  กลับหน้าหลัก

Brief Record : Get Marc (ISO 2709) : E-mail record : QR code < ปิดหน้าต่าง
LEADER : 00000nam 2200000uu 4500
001    13399114840
003     ULIB
008    110627s2555||||th 000 0 tha d
090    นว.^bว918G
100 0  เวสต์ แคลร์
245 00 ล่าขุมทรัพย์เกาะมหาสมบัติ/^cเวสต์ แคลร์
250    พิมพ์ครั้งที่ 1
260    กรุงเทพฯ :^bซีเอ็ดยูเคชั่น,^c2555-
300     หน้า
945    ^p0^l0^i028108
995    ทศพร
999 ^a ใช้งานได้ทุกระบบ
รายการนี้ยังไม่มีแท็ก
คุณยังไม่ได้ล็อกอิน คุณสามารถมีกิจกรรมร่วมกับเว็บไซต์ได้ แต่ต้องล็อกอินก่อน ::
  ล็อกอิน

รายการสื่อสารสนเทศ

ลำดับที่ ประเภท เลขเรียก/บาร์โค้ด สถานที่ สถานะ
1. นวนิยาย
นวนิยาย
นว. ว918G ฉ.1 
  Barcode: 028108
ห้องสมุดวิทยาเขตสวรรค์ประชารักษ์
►นวนิยาย
บนชั้น
  ขอยืม

รายการใกล้เคียง
    ผู้แต่ง [เวสต์ แคลร์]

BibComment


ยังไม่เคยถูกคอมเมนท์

คอมเมนท์ทรัพยากรรายการนี้
  คอมเมนท์: ล่าขุมทรัพย์เกาะม..


 Copyright 2026. Bcnsprnw @Library